| 000 | 00897nam a22002417a 4500 | ||
|---|---|---|---|
| 005 | 20100730153454.0 | ||
| 010 | _aENG-97176 | ||
| 020 |
_a9780415579773 _c595.00 |
||
| 035 | _aEN-80709 | ||
| 037 | _bDBAD/PUB | ||
| 082 | _a362.10954 | ||
| 245 |
_aHealth providers in India: _bon the frontlines of change / _cedited by Kabir sheikh [and] Asha George |
||
| 260 |
_aNew Delhi _bRoutledge _c2010 |
||
| 270 |
_a912-915 Tolstoy House, 15-17 Tolstoy Marg _bNew Delhi _e110001 |
||
| 300 |
_axix, 281p. _c22cm (Hb) |
||
| 500 | _aIncludes index | ||
| 650 |
_aMedical Personel _zIndia _92771 |
||
| 650 |
_aMedical Care _zIndia _92772 |
||
| 700 |
_aSheikh, Kabir _92773 |
||
| 700 |
_aGeorge, Asha _92774 |
||
| 942 |
_2ddc _cEN _h362.10954 _mHEA |
||
| 999 |
_c38303 _d38303 |
||